00447nam a2200157Ia 4500008004100000082002100041100001800062245003900080250000600119260004200125300000800167600001800175630003900193700001800232730003900250151018s9999 xx 000 0 und d bRBASDV46222a823 aVikas khatri aThe singing Bone And other stories b1 bInstitute of Nistorical studiesc2007 a176 aVikas khatri aThe singing Bone And other stories aVikas khatri aThe singing Bone And other stories